000 00305nam a22001337a 4500
008 170720b xxu||||| |||| 00| 0 eng d
020 _a0887067786
041 _aeng
080 _a2
100 _a24
101 _aTEO
245 _aTHE SABBATH IN THE CLASSICAL KABBALAH
_cGINSBURG, E.K
942 _2udc
_cBK
999 _c21654
_d21654